000 00931cam a22003137a 4500
999 _c4948
_d4948
003 OSt
005 20220331114219.0
008 110722s2011 enka b 001 0 eng
020 _a0443035091
040 _cALUPE UNIVERSITY COLLEGE
042 _anlmcopyc
_alccopycat
050 0 0 _aRB155
_b.E44 1986
060 0 0 _a2013 A-844
060 1 0 _aQU 55.4
070 0 _aRB155
_b.E441986
100 _aAlan E. Emery
245 0 0 _aMethodology in medical Genetics
260 _aNew york
_bChurchill livingstone
_c1986.
300 _a 197 p. :
_bill. ;
504 _aIncludes bibliographical references and index.
650 0 _amedical genetics
650 1 2 _agenetics
830 0 _vno. 222.
906 _a7
_bcbc
_ccopycat
_d2
_encip
_f20
_gy-gencatlg
936 _aPR 751035365
942 _2lcc
_cBK
_nPW